Poistenie osôb

Životné poistenie v Slovenskej republike. Charakteristika odvetia životného poistenia - poistenie smrti, životné poistenie, poistenie smrti alebo prežitia, poistenie vena alebo výživy detí, kapitálové životné poistenie, investičné životné poistenie, dôchodkové poistenie a úrazové poistenie alebo cho...

Descripción completa

Guardado en:
Detalles Bibliográficos
Autor principal: Jurkovičová, Lujza
Formato: Capítulo de libro
Lenguaje:eslovaco
Materias:
Etiquetas: Agregar Etiqueta
Sin Etiquetas, Sea el primero en etiquetar este registro!

MARC

LEADER 00000naa$a2200000$$$4500
001 0271666
005 20240502074301.4
041 0 |a slo 
044 |a SK 
245 1 0 |a Poistenie osôb  |c Lujza Jurkovičová 
520 |a Životné poistenie v Slovenskej republike. Charakteristika odvetia životného poistenia - poistenie smrti, životné poistenie, poistenie smrti alebo prežitia, poistenie vena alebo výživy detí, kapitálové životné poistenie, investičné životné poistenie, dôchodkové poistenie a úrazové poistenie alebo choroba, ak ide o zaistenie do sektorov základného životného poistenia. Dopyt po životnom poistení. Legislatíva o poistení osôb. 
610 2 0 |a poistenie dôchodkové 
610 2 0 |a poistenie osôb 
610 2 0 |a poistenie starobné 
610 2 0 |a poistenie úrazové 
610 2 0 |a poistenie životné 
610 2 0 |a Slovensko 
100 1 |a Jurkovičová, Lujza